| 000 | 01118 a2200289 4500 | ||
|---|---|---|---|
| 999 |
_c10589 _d10589 |
||
| 020 | _a9780198845577 | ||
| 020 | _a019884557X | ||
| 050 | 0 | 0 | _aJZ6374. HUL 2019 |
| 100 | 1 |
_aHultman, Lisa, _eauthor. |
|
| 245 | 1 | 0 |
_aPeacekeeping in the midst of war / _cLisa Hultman, Jacob D. Kathman, Megan Shannon. |
| 250 | _a1st edition. | ||
| 264 | 1 |
_aOxford ; _aNew York : _bOxford University Press, _c2019. |
|
| 300 |
_axii, 236 pages : _billustrations ; |
||
| 336 |
_atext _btxt _2rdacontent |
||
| 336 |
_astill image _bsti _2rdacontent |
||
| 337 |
_aunmediated _bn _2rdamedia |
||
| 338 |
_avolume _bnc _2rdacarrier |
||
| 500 | _aIncludes bibliographical references and index. | ||
| 504 | _aIncludes bibliographical references and index. | ||
| 650 | 0 |
_aCivil war _xProtection of civilians. |
|
| 650 | 7 |
_aCivil war _xProtection of civilians. |
|
| 700 | 1 |
_aKathman, Jacob D., _eauthor. |
|
| 700 | 1 |
_aShannon, Megan, _eauthor. |
|
| 942 |
_2lcc _cBK _h6374 _iHUL _kJZ |
||